| 000 | 00380pab a2200145 454500 | ||
|---|---|---|---|
| 008 | 180718b1987 xxu||||| |||| 00| 0 eng d | ||
| 100 | _aNorpoth, Helmut | ||
| 245 | _aGuns and butter and government popularity in Britain | ||
| 260 | _c1987 | ||
| 300 | _a949-59 | ||
| 362 | _aSept. | ||
| 650 | _aU.K. - Government | ||
| 773 | _aAmerican Political Science Review | ||
| 909 | _a20060 | ||
| 999 |
_c20060 _d20060 |
||